00726 2200241 4500001002100000005001500021035002000036008004100056245011900097100002400216250001000240260003800250300003200288020002200320084001600342082001000358650002500368700001600393504002600409711002700435990001100462990001100473INLIS00000000001183120220617102354 a0010-0622000341220617 g 0 ind 1 aMudah Menyusun Kualifikasi dan Performa Karyawan /cSuci Rahayu Mar'ih; editor, Tim re! Media Service, Andriansyah aSUCI, Rahayu Mar'ih acet.1 aJakarta :bRaih Asa Sukses,c2016 a169 hal. :bilus. ;c20 cm. a978-979-013-227-6 a658.3 SUC m a658.3 4aMANAJEMEN. PERSONLIA0 aANDRIANSYAH aBibliografi : hal.1690 aTIM, re! Media Service a7718 a a7718 b